000 00642nam a2200229Ia 4500
003 OSt
005 20220928140508.0
006 a|||||r|||| 00| 0
007 ta
008 220927b |||||||| |||| 00| 0 eng d
024 _a8949
037 _cTextual
040 _aSDCL
_cSDCL
_beng
041 _2eng
_aeng
082 _aB2894, P4
100 _aMendelson Elliott
_9427108
245 0 _aIntroducing game theory and its applications .
260 _c2004
490 _aDiscrete mathematics and its applications Series ED KEnneth H Rosen .
942 _hB2894, P4
_cTEXL
_2CC
999 _c811712
_d811712